[Event "71st RUS-ch Superfinal Women 2021"]
[Site "Ufa"]
[Date "2021.10.18"]
[Round "9.1"]
[White "Garifullina, Leya"]
[Black "Ovod, Evgenija"]
[Result "1/2-1/2"]
[WhiteElo "2409"]
[BlackElo "2331"]
[Annotator "TA"]
[PlyCount "82"]
[EventDate "2021.10.09"]
[EventType "tourn"]
[EventCountry "RUS"]
[SourceTitle "playchess.com"]
[Source "ChessBase"]
[SourceQuality "1"]

{[%evp 13,82,22,33,21,32,20,33,20,28,16,28,-14,18,13,14,0,37,24,20,33,36,37,35,
29,45,41,50,32,38,25,35,14,13,23,10,13,51,51,51,51,47,47,47,42,47,35,45,0,0,0,
0,0,0,0,0,0,0,0,0,0,0,0,0,0,0,0,0,0,0,0,29986]} 1. e4 e5 2. Nf3 Nc6 3. Bb5 a6
4. Ba4 Nf6 5. O-O Bc5 6. c3 O-O 7. d4 Ba7 8. dxe5 {C78: Ruy Lopez: Archangelsk
and Möller Defences.} Nxe4 9. Qd5 Nc5 10. Bc2 {White is slightly better.} Ne7
11. Qd1 {Hoping for Bxh7+!} d5 12. Bg5 c6 13. Nbd2 {[%cal Bb1d2,Bd2b3,Bb3d4]
[%mdl 32] [#]} Ne6 $146 ({Predecessor:} 13... Qc7 14. Re1 Bf5 15. Be3 h6 16.
Nh4 Bxc2 17. Qxc2 Ne6 18. Bxa7 Rxa7 19. Nf1 Raa8 {1/2-1/2 (28) Karacsony,E 
(2346)-Niese,P (2330) ICCF email 2009}) 14. Bh4 Qe8 15. Nb3 Ng6 16. Bg3 f5 17.
exf6 Rxf6 18. Nbd4 Nef4 19. Re1 Qf8 20. Ng5 {[#] Bxf4 is the strong threat.}
Bxd4 21. Qxd4 Bf5 22. Bxf5 (22. Bb3 {feels hotter.} Nd3 23. Re3 Nxb2 24. Rae1
h6 25. Nf3) 22... Rxf5 23. Ne6 Nxe6 24. Rxe6 Nf4 (24... Rf6 {seems wilder.} 25.
Re3 h5 26. Be5 Rf5 27. Rae1 h4) 25. Bxf4 Rxf4 26. Qb6 Rf7 27. Rae1 Rd7 28. b4
Qf7 29. Qc5 Rf8 30. Re7 Rxe7 {The position is equal.} 31. Rxe7 Re8 32. Rxe8+
Qxe8 $11 {[%cal Re8e1][%mdl 4096] [#] Endgame KQ-KQ} 33. h3 Qe1+ 34. Kh2 Qe5+
35. g3 h5 36. h4 Kh7 37. a4 Kg6 38. a5 Kf5 39. Kg2 Qe4+ 40. Kg1 Qe1+ 41. Kg2
Ke5 $2 {[%mdl 40960] Weighted Error Value: White=0.05/Black=0.04. An
unexpected result.} (41... Qe5 $11) 1/2-1/2

[Event "71st RUS-ch Superfinal Women 2021"]
[Site "Ufa"]
[Date "2021.10.18"]
[Round "9.2"]
[White "Bivol, Alina"]
[Black "Kashlinskaya, Alina"]
[Result "1-0"]
[WhiteElo "2392"]
[BlackElo "2493"]
[Annotator "TA"]
[PlyCount "119"]
[EventDate "2021.10.09"]
[EventType "tourn"]
[EventCountry "RUS"]
[SourceTitle "playchess.com"]
[Source "ChessBase"]
[SourceQuality "1"]

{[%evp 14,119,12,8,14,14,14,10,16,10,17,16,10,0,0,0,0,16,17,8,16,11,12,0,0,-20,
-16,-33,-35,-62,-67,-64,-77,-65,-67,-61,-74,-94,-98,-146,-147,-161,-100,-129,
-83,-83,-76,-73,0,0,0,-16,-15,-24,233,235,232,231,222,221,231,230,202,0,223,
221,212,198,285,283,458,448,471,471,490,487,490,489,486,476,648,648,648,624,
648,643,634,606,603,598,585,560,960,893,29975,29973,29973,29972,29972,29972,
29971,29972,29974,29971,29971,29972,5641,5635]} 1. e4 e6 2. d4 d5 3. Nd2 c5 4.
Ngf3 cxd4 5. Bb5+ Nc6 6. Nxd4 Bd7 7. Nxc6 bxc6 8. Bd3 Bd6 {C07: French
Tarrasch: 3...c5, 4 Ngf3 and 4 exd5 Qxd5.} 9. Qe2 e5 {outshines the older 9...
Ne7.} 10. exd5 cxd5 {The position is equal.} 11. c4 Ne7 12. cxd5 Nxd5 13. Be4
Nf4 {[%cal Rf4e2]} 14. Qa6 Bc5 15. O-O $1 Rb8 16. Nb3 Bb6 17. Bxf4 exf4 18.
Rad1 O-O {[#]} 19. Qe2 $146 ({Predecessor:} 19. Bxh7+ Kxh7 20. Qd3+ Kg8 21.
Qxd7 Qf6 22. Qd6 Qg5 23. Qd5 Qf6 24. Nc5 Qxb2 {1/2-1/2 (24) Osipov,A (2311)
-Lyamtsev,V (2275) ICCF email 2016}) 19... g6 20. Qf3 Qc7 21. Nc1 Rfe8 22. Ne2
Bb5 23. Bd3 Bc6 {[%cal Rc6f3]} 24. Qxf4 Qb7 $1 25. Qg4 Rbd8 {[%cal Bb8d8,Bd8d4,
Bd4g4][%mdl 1056] Black has strong compensation.} 26. Nc3 Rd4 27. Qh3 {[#]} Bd7
(27... Re5 $1 $19 {[%cal Re5g5] And now ...Rg5 would win.} 28. Be2 Rxd1 29.
Rxd1 Rg5) 28. Qh6 Rg4 {[%csl Gg4][%cal Rb7g2]} 29. Qh3 {[#] Bb5 is the strong
threat.} Bc8 $1 {Strongly threatening ...Rg5!} 30. g3 h5 (30... Rb4 $17 31. Qg2
Qxg2+ 32. Kxg2 Rxb2) 31. Qg2 $11 h4 {aiming for ...hxg3.} 32. Nd5 {Black must
now prevent Nf6+.} Bd4 {Threatens to win with ...hxg3.} 33. Rfe1 Bxf2+ $2 {
[%mdl 8192]} 34. Qxf2 $18 Rxe1+ 35. Qxe1 Qxd5 36. Qe8+ {[%mdl 64] Double Attack
} Kg7 37. Qxc8 Qd4+ 38. Kh1 $2 (38. Kf1 $18) 38... hxg3 $2 (38... Qd5+ $1 $11 {
and Black stays safe.} 39. Kg1 Qd4+ 40. Kg2 hxg3 41. hxg3 Qxb2+ 42. Bc2 Rd4 43.
Rxd4 Qxd4) 39. hxg3 Qd5+ 40. Kh2 Qh5+ (40... Qf3 {was called for.} 41. Qc3+ (
41. Rg1 Rd4 $18) 41... f6) 41. Kg2 Qd5+ $2 (41... Rxg3+ 42. Kxg3 Qxd1) 42. Kf2
Qh5 {[#] intending ...Qh2+.} 43. Rh1 {[%mdl 576] Deflection} Qxh1 (43... Rf4+
44. gxf4) 44. Qxg4 Qh2+ 45. Ke3 Qg1+ 46. Kd2 a5 47. a3 Qf2+ 48. Be2 Qf6 49. Kc2
Qc6+ 50. Kb1 Qc5 51. Qf3 f6 52. Bd3 Qd4 53. g4 g5 54. Qb7+ Kf8 55. Qc8+ Ke7 56.
Qc7+ Kf8 57. Bc4 {[%csl Gc4][%cal Rc7f7]} Ke8 58. Qc8+ Ke7 59. Qe6+ Kd8 60.
Qd5+ {Weighted Error Value: White=0.11/Black=0.31} 1-0

[Event "71st RUS-ch Superfinal Women 2021"]
[Site "Ufa"]
[Date "2021.10.18"]
[Round "9.3"]
[White "Pogonina, Natalija"]
[Black "Guseva, Marina"]
[Result "1-0"]
[WhiteElo "2467"]
[BlackElo "2394"]
[Annotator "TA"]
[PlyCount "81"]
[EventDate "2021.10.09"]
[EventType "tourn"]
[EventCountry "RUS"]
[SourceTitle "playchess.com"]
[Source "ChessBase"]
[SourceQuality "1"]

{[%evp 10,81,11,3,12,0,0,0,0,0,15,0,13,17,14,3,27,30,36,28,39,10,52,-10,0,10,7,
0,129,123,196,193,195,202,189,162,164,135,135,135,129,131,179,179,147,115,139,
141,151,149,139,145,203,205,199,183,411,421,741,732,1216,1212,1016,1221,1172,
1156,1070,1076,968,136,967,927,29996,29997]} 1. Nf3 d5 2. d4 Nf6 3. c4 c6 4.
Qc2 dxc4 5. Qxc4 Bg4 6. Nbd2 Nbd7 {D23: Queen's Gambit Accepted: 3 Nf3 Nf6
sidelines.} 7. g3 e6 8. Bg2 Be7 {The position is equal.} 9. O-O O-O 10. Qb3 Qb6
11. Nc4 Qa6 12. Bd2 Bf5 {[#]} 13. Nfe5 $146 ({Predecessor:} 13. Rfc1 Be4 14. a4
b6 15. Bf4 Bd5 16. Qc2 Be4 17. Qb3 Bd5 18. Qc2 Be4 19. Qd2 {1/2-1/2 (33)
Rakhmanov,A (2627)-Goryachkina,A (2505) Yaroslavl 2018}) 13... Nxe5 14. dxe5
Ne4 15. Bf4 Rad8 16. Rac1 (16. Rfc1 $14) 16... h6 17. a3 Rd7 18. h4 g5 (18...
Rfd8 $11) 19. hxg5 $16 hxg5 (19... Qb5 $16 20. Qxb5 cxb5) 20. Bxe4 $18 Bxe4 {
[#]} 21. Qe3 {[%csl LRe4,LRg5]} gxf4 (21... Bd5 22. Bxg5 f6 23. exf6 $18) 22.
Qxe4 Rfd8 {and if ...Rd4 works, Black does fine.} 23. e3 ({Don't go for} 23.
Qxf4 $2 Rd4 $19) 23... b5 24. Nd6 {[%cal Rd6f7] Threatens to win with Nxf7!}
Bxd6 25. exd6 Rxd6 26. Qxf4 Qb7 27. Qf6 Kf8 28. Rc5 {Threatening mate with Rh5.
} Ke8 29. Rh5 Qe7 30. Qc3 $40 {[%mdl 128] White goes for the king.} Qb7 {[#]} (
30... Rd5 $16 31. Rh7 (31. Qxc6+ Qd7 $16) 31... c5) 31. Rh7 $1 Qe7 32. Qc5 {
Strongly threatening Rh8+.} Qc7 $2 (32... Qf6 {was worth a try.} 33. e4 (33.
Qxa7 Kf8 $16) 33... e5) 33. e4 a5 (33... Rd3 $142 34. Qh5 (34. Qg5 Qe7 $16)
34... e5) 34. Kg2 Rd3 35. Rfh1 Qd6 36. Rh8+ Kd7 37. Rxd8+ Kxd8 38. Rh8+ Kd7 39.
Qa7+ {[%mdl 64] Double Attack} Qc7 40. Qa8 {e5! would kill now.} Rb3 41. e5 {
[%csl Gh8][%cal Ra8e8] Weighted Error Value: White=0.08/Black=0.53} 1-0

[Event "71st RUS-ch Superfinal Women 2021"]
[Site "Ufa"]
[Date "2021.10.18"]
[Round "9.4"]
[White "Voit, Daria"]
[Black "Girya, Olga"]
[Result "1/2-1/2"]
[WhiteElo "2357"]
[BlackElo "2410"]
[Annotator "TA"]
[PlyCount "79"]
[EventDate "2021.10.09"]
[EventType "tourn"]
[EventCountry "RUS"]
[SourceTitle "playchess.com"]
[Source "ChessBase"]
[SourceQuality "1"]

{[%evp 23,79,0,0,0,3,0,0,-8,0,-4,-9,-7,0,-11,0,-9,-23,-20,15,21,25,21,41,43,63,
55,58,29,33,33,29,0,30,24,29,22,35,3,40,41,41,35,50,0,0,0,0,0,1,1,2,0,0,0,4,0,
0,0]} 1. d4 Nf6 2. c4 e6 3. Nf3 d5 4. g3 Be7 5. Bg2 O-O 6. O-O dxc4 7. Qc2 a6
8. Qxc4 b5 9. Qc2 Bb7 10. Bd2 Be4 11. Qc1 Nc6 {Recently 11...c6 got a lot of
attention.} 12. Be3 Rc8 13. Rd1 {E05: Open Catalan: 5 Nf3 Be7.} Nd5 14. Nc3
Nxc3 15. Qxc3 Nb4 16. a3 Nd5 17. Qd2 Nxe3 18. Qxe3 Qd5 19. Ne1 Bxg2 20. Nxg2 {
[#]} Bg5 $146 ({Predecessor:} 20... c5 21. Nf4 Qf5 22. Rac1 c4 23. Qf3 Bg5 24.
e3 Bxf4 25. Qxf4 Qxf4 26. gxf4 Rfd8 {1/2-1/2 (33) Nester,I (2300)-Lacrosse,M 
(2225) Arvier 2016}) 21. Nf4 Bxf4 22. Qxf4 Qb3 23. Qc1 h5 24. Rd3 Qd5 25. Qc5
Rfd8 26. Rad1 g6 27. b4 Qe4 28. R1d2 Rd6 29. f3 Qb7 30. d5 (30. Kg2 {is more
complex.} Rcd8 31. e4 Qb6 32. h4 Kg7 33. Kf2) 30... exd5 31. Rxd5 Rxd5 32. Rxd5
Qb6 33. Qxb6 (33. Re5 {feels hotter.} Kg7 34. Kg2 Qf6 35. h4 Qd6 36. Rd5) 33...
cxb6 $14 {[%mdl 4096] Endgame KR-KR. The position is equal.} 34. Kf2 Kf8 35.
Rd6 Rc3 36. Rd3 Rc8 37. Rd7 Rc3 38. Rd3 Rc8 39. Rd6 Rc3 40. Rd3 {Weighted
Error Value: White=0.07/Black=0.06} 1/2-1/2

[Event "71st RUS-ch Superfinal Women 2021"]
[Site "Ufa"]
[Date "2021.10.18"]
[Round "9.5"]
[White "Galliamova, Alisa"]
[Black "Shuvalova, Polina"]
[Result "1/2-1/2"]
[WhiteElo "2421"]
[BlackElo "2509"]
[Annotator "TA"]
[PlyCount "80"]
[EventDate "2021.10.09"]
[EventType "tourn"]
[EventCountry "RUS"]
[SourceTitle "playchess.com"]
[Source "ChessBase"]
[SourceQuality "1"]

{[%evp 9,80,18,20,16,20,14,17,12,20,18,20,11,43,4,10,11,12,0,14,-3,15,11,32,0,
0,-20,-33,-39,33,24,31,29,36,36,28,21,46,0,0,0,0,-16,0,0,0,0,0,0,0,0,0,0,0,0,0,
0,0,0,0,0,0,0,0,0,0,0,0,0,0,0,0,0,0]} 1. d4 d5 2. c4 e6 3. Nf3 Nf6 4. e3 a6 5.
b3 Be7 6. Bd3 {D30: Queen's Gambit Declined: Systems without Nc3.} dxc4 7. bxc4
c5 8. O-O {[#]} O-O $146 ({Predecessor:} 8... Nc6 9. Bb2 Nb4 10. Be2 O-O 11.
Nc3 cxd4 12. exd4 b6 13. a3 Nc6 14. d5 exd5 15. Nxd5 Nxd5 16. cxd5 {1/2-1/2 
(31) Horvath,G (2344)-Lorand,N (2328) Hungary 2013}) 9. Bb2 cxd4 10. exd4 b6
11. Nc3 Bb7 12. Re1 Nbd7 {[%cal Bb8d7,Bd7c5,Bc5e6,Be6f4][%mdl 32]} 13. Qe2 Qc7
14. Rad1 Rad8 15. d5 Nc5 16. Bb1 Rfe8 17. dxe6 (17. Ng5 {is more complex.} Bd6
18. Nce4 Ncxe4 19. Bxe4 exd5 20. Bxf6 gxf6 21. Qg4) 17... Nxe6 18. Nd5 Bxd5 (
18... Nxd5 $15 19. cxd5 Bxd5 20. Bxh7+ Kxh7 21. Rxd5 {[%mdl 64] Remove
Defender, Decoy} Rxd5 22. Qe4+ {[%mdl 64] Double Attack} Kg8 23. Qxd5 Bb4) 19.
cxd5 $14 Nf4 20. Qxa6 N6xd5 21. Qa4 Qc8 {[#] Hoping for ...Qg4!} 22. h3 Bc5 23.
Rxe8+ Rxe8 {The position is equal.} 24. Bf5 Qb8 {And now ...Nc3! would win.}
25. Bd3 h6 {...Nxh3+! is the strong threat.} 26. Bc4 Ne2+ $1 27. Bxe2 Rxe2 {
[%mdl 64] [#] Double Attack} 28. Bd4 {Strongly threatening Bxc5.} Bxd4 29. Qxd4
Nf6 30. Qc4 Rb2 (30... Re6 {keeps more tension.} 31. a4 Re8 32. Rb1 Re4 33. Qa6
Qe8) 31. a4 b5 32. axb5 Rxb5 33. Rd8+ Qxd8 34. Qxb5 Qd1+ 35. Kh2 Qd6+ 36. Qe5
Qxe5+ 37. Nxe5 g5 38. h4 Kg7 39. hxg5 hxg5 40. f3 Nd5 {Weighted Error Value:
White=0.06/Black=0.06} 1/2-1/2

[Event "71st RUS-ch Superfinal Women 2021"]
[Site "Ufa"]
[Date "2021.10.18"]
[Round "9.6"]
[White "Bodnaruk, Anastasia"]
[Black "Gunina, Valentina"]
[Result "1/2-1/2"]
[WhiteElo "2415"]
[BlackElo "2462"]
[Annotator "TA"]
[PlyCount "154"]
[EventDate "2021.10.09"]
[EventType "tourn"]
[EventCountry "RUS"]
[SourceTitle "playchess.com"]
[Source "ChessBase"]
[SourceQuality "1"]

{[%evp 9,154,0,0,0,16,10,4,4,10,12,3,10,39,0,0,0,47,55,64,60,57,68,65,56,76,72,
73,56,71,53,54,55,56,50,128,122,194,186,167,160,171,114,129,112,90,60,108,0,0,
0,0,0,0,0,0,0,0,0,0,0,0,0,0,0,0,0,0,0,0,0,0,0,0,0,0,0,0,0,77,39,102,145,108,0,
80,0,0,0,0,0,0,0,0,0,0,0,0,0,0,0,0,0,0,0,0,0,0,0,0,0,0,0,0,0,0,0,0,0,0,0,0,0,0,
0,0,0,0,0,0,0,0,0,0,0,0,0,0,0,0,0,0,0,0,0,0,0,0]} 1. e4 c6 2. d4 d5 3. e5 c5 4.
dxc5 e6 5. a3 Bxc5 6. b4 {B12: Caro-Kann: Advance Variation.} Bb6 7. Qg4 Ne7 8.
Bd3 Nbc6 9. Nf3 Ng6 10. Bb2 O-O 11. Qh5 {[#]} h6 $146 ({Predecessor:} 11...
Nce7 12. Nbd2 Nf5 13. g3 a5 14. O-O h6 15. bxa5 Bxa5 16. Nb3 Bb6 17. Rad1 Qc7 {
1-0 (40) Socko,M (2477)-Khenkin,I (2632) Tromsoe 2010}) 12. g3 d4 13. O-O $1
Bc7 {[%cal Rg6e5]} 14. Re1 Qd5 {[%cal Rg6e5]} 15. Be4 Qd7 {[%cal Rg6e5]} 16.
Nbd2 $36 {[%mdl 2048] White has some pressure.} a5 17. b5 Ncxe5 18. Nxd4 f5 19.
Bg2 Bb6 20. N2f3 Nxf3+ 21. Nxf3 Qf7 (21... Qxb5 $14 22. Qxg6 Qxb2) 22. Rad1 Rd8
(22... a4 $16 {is a better defense.} 23. c4 Ba5) 23. Rxd8+ $18 Bxd8 24. Rd1 Be7
25. c4 (25. a4 $18) 25... a4 26. h3 e5 27. Nxe5 Nxe5 28. Bd5 ({White must play
} 28. Qe2 $1 $16 Be6 29. Bxe5 (29. Qxe5 Bf6 $17)) 28... Be6 $11 29. Qxf7+ Kxf7
30. Bxe6+ Kxe6 31. Re1 Kf7 32. Rxe5 {[%mdl 4096] Endgame KRB-KRB} Bf6 33. Re2 (
33. Rxf5 Kg6 $17) 33... Rc8 $1 34. Bxf6 Kxf6 {KR-KR} 35. Rd2 Rxc4 36. Rd6+ Ke7
37. Rg6 Kf7 38. Rb6 Rc7 39. Kg2 Ke7 40. Kf3 Kd8 41. Kf4 Kc8 42. Kxf5 Rc3 43.
Kg6 Rxa3 (43... Kc7 $1 $11 {remains equal.} 44. Re6 Rxa3) 44. Kxg7 $16 Rf3 (
44... h5 $1 $14) 45. Rxh6 {Threatens to win with Rh4.} Rxf2 46. Rh4 (46. g4 $16
) 46... Rf3 {[#]} (46... a3 $11) 47. Rc4+ ({Reject} 47. Rxa4 $6 Rxg3+ 48. Kf6
Rxh3 $11) ({White should play} 47. g4 $1 $16) 47... Kd7 $11 {The position is
equal.} 48. g4 {Black must now prevent h4.} a3 49. g5 {h4 is the strong threat.
} Rxh3 50. g6 Kd6 (50... a2 {looks sharper.} 51. Rc1 Rh4 52. Ra1 Rh2 53. Kg8
Rg2) 51. Kf6 Rf3+ 52. Kg5 Rg3+ 53. Kf6 Rf3+ 54. Kg5 a2 55. Ra4 Rf2 56. g7 Kc5
57. g8=Q {White threatens Qc4+ and mate.} (57. Rxa2 {is a self mate.} Rxa2 58.
Kh6 Rg2 59. Kh7 Kxb5 60. Kh8 Kc5 61. Kh7 {[#]} Rxg7+ $3 {[%mdl 512]} 62. Kxg7
Kd4 63. Kh7 b5 64. Kh8 b4 65. Kh7 b3 66. Kh6 b2 67. Kg5 b1=Q 68. Kf6 Qe4 69.
Kf7 Ke5 70. Kg7 Qb1 71. Kg8 Qb7 72. Kh8 Kf6 73. Kg8 Qg7#) 57... Rg2+ 58. Rg4
Rxg4+ 59. Kxg4 a1=Q {KQ-KQ} 60. Qc8+ Kb6 61. Qd8+ $1 Kxb5 62. Qd5+ Ka6 63. Qc4+
Kb6 64. Qb4+ $1 Kc6 65. Qc4+ $1 Kd6 66. Qb4+ Kc7 67. Qc5+ Kb8 68. Qf8+ Ka7 69.
Qc5+ b6 (69... Ka8 {keeps more tension.} 70. Qf8+ Ka7) 70. Qc7+ $1 Ka6 {
And now ...Qd4+ would win.} 71. Qc4+ (71. Qc8+ {feels hotter.} Kb5 72. Qd7+ Ka6
73. Qc8+) 71... Kb7 72. Qf7+ (72. Qd5+ {is interesting.} Kb8 73. Qd8+ Ka7 74.
Qc7+) 72... Kc6 {Hoping for ...Qd1+.} 73. Qc4+ Kd7 74. Qd5+ Kc7 75. Qc4+ Kb8
76. Qg8+ Ka7 {( -> ...Qg1+)} 77. Qf7+ Ka6 {White really could win this. 
Weighted Error Value: White=0.09/Black=0.13} 1/2-1/2

[Event "71st RUS-ch Superfinal Women 2021"]
[Site "Ufa"]
[Date "2021.10.19"]
[Round "10.1"]
[White "Ovod, Evgenija"]
[Black "Gunina, Valentina"]
[Result "1/2-1/2"]
[WhiteElo "2331"]
[BlackElo "2462"]
[Annotator "TA"]
[PlyCount "76"]
[EventDate "2021.10.09"]
[EventType "tourn"]
[EventCountry "RUS"]
[SourceTitle "playchess.com"]
[Source "ChessBase"]
[SourceQuality "1"]

{[%evp 9,76,0,22,4,4,6,11,10,14,0,0,0,12,0,0,-41,-26,-38,-27,-47,-10,-32,-6,
-17,0,-11,0,-6,-6,-11,-4,-33,-55,-54,0,0,0,0,0,0,52,17,25,18,34,0,0,0,0,0,0,0,
0,0,0,0,0,0,0,0,0,0,0,0,0,0,0,-35,0]} 1. e4 c6 2. Nf3 d5 3. exd5 cxd5 4. d4 Nc6
5. Ne5 Nf6 (5... e6 {keeps more tension.} 6. Bb5 Bd7 7. Nxd7 Qxd7 8. c3 Bd6) 6.
Bb5 {B13: Caro-Kann: Exchange Variation and Panov-Botvinnik Attack.} Bd7 7.
Nxd7 Qxd7 8. c3 {The position is equal.} a6 9. Bd3 e5 10. dxe5 Nxe5 {[%cal
Bc6e5,Be5g6,Bg6f4,Bf4d3][%mdl 32] [#]} 11. Be3 $146 ({Predecessor:} 11. O-O
O-O-O 12. Bf4 Bd6 13. Bxe5 Bxe5 14. Qf3 Ne4 15. Bxe4 dxe4 16. Qxe4 Rhe8 17.
Qc4+ {0-1 (51) Stoleriu,G (2372)-Salem,A (2682) Chess.com INT 2021}) 11... Bd6
12. h3 O-O 13. Be2 Rfe8 14. Nd2 Ng6 15. O-O Bc7 (15... Rxe3 $5 16. fxe3 Qe6 $11
) 16. Re1 Rad8 17. Bd4 Qd6 {[#] ( -> ...Qh2+)} 18. Nf1 Nf4 19. Bf3 Ne4 20. Bxe4
dxe4 21. Qg4 $1 {[%csl Gd4][%cal Rg4g7]} g6 (21... Qf8 $1 $15) 22. g3 $11 Nd3
23. Rxe4 Bb6 24. Ne3 {And now Rd1 would win.} h5 ({Black should play} 24... Qc6
$11 25. Rxe8+ Rxe8) 25. Rxe8+ (25. Qf3 {with more complications.} Rxe4 26. Qxe4
Bxd4 27. Qxd3 Bxe3 28. Qxe3 Qd5 29. Qe2) 25... Rxe8 26. Qe2 Bxd4 27. Qxd3 {
[%mdl 64] [#] Pin} (27. cxd4 {is interesting.} Qxd4 28. Rd1 Rd8 29. Qc2 Rd7 30.
b4) 27... Rxe3 $1 28. Qxd4 Qxd4 29. cxd4 {[%mdl 4096] Endgame KR-KR} Re2 30. b3
Kf8 31. Kg2 Rd2 32. Kf3 Rxd4 33. Ke3 Rd6 34. h4 Re6+ 35. Kd3 Rd6+ 36. Ke3 $1
Re6+ 37. Kd3 Rd6+ 38. Ke4 Ke8 {Weighted Error Value: White=0.08/Black=0.09} (
38... Rd2 $5 {[%cal Rd2f2]}) 1/2-1/2

[Event "71st RUS-ch Superfinal Women 2021"]
[Site "Ufa"]
[Date "2021.10.19"]
[Round "10.2"]
[White "Shuvalova, Polina"]
[Black "Bodnaruk, Anastasia"]
[Result "1-0"]
[WhiteElo "2509"]
[BlackElo "2415"]
[Annotator "TA"]
[PlyCount "105"]
[EventDate "2021.10.09"]
[EventType "tourn"]
[EventCountry "RUS"]
[SourceTitle "playchess.com"]
[Source "ChessBase"]
[SourceQuality "1"]

{[%evp 12,105,6,0,0,0,42,33,102,97,89,92,68,66,80,70,170,157,186,172,164,159,
215,200,199,226,192,201,262,124,147,145,148,153,129,109,116,96,104,92,102,95,
138,96,89,67,97,77,78,95,86,93,96,96,88,96,91,91,189,94,87,94,108,115,141,165,
116,105,147,110,103,110,139,131,209,184,305,292,314,309,433,400,400,407,470,
472,596,601,728,700,1027,881,29993,29994,29994,29995]} 1. e4 c5 2. Nf3 d6 3. d4
cxd4 4. Nxd4 Nf6 5. Nc3 a6 6. f4 e5 7. Nb3 Nbd7 {B93: Sicilian Najdorf: 6 f4.}
8. g4 h6 9. g5 hxg5 (9... Ng8 $14) 10. fxg5 $16 Nh5 11. Qf3 Nb6 12. Be3 $36 {
[%mdl 2048] Black is under pressure.} Be6 13. O-O-O {[#]} Nd7 $146 (13... Qc7
$14) ({Predecessor:} 13... g6 14. Nc5 Ng7 15. Nxb7 Qc7 16. Na5 Na4 17. Nxa4
Qxa5 18. b3 Rb8 19. Bd2 Qc7 {1-0 (27) Oberhofer,C (2222)-Spiess,M (2118)
Rosenheim 2017}) 14. Kb1 g6 15. h4 Rc8 16. Nd5 Bg7 (16... Bxd5 $16 17. Rxd5 Nb6
) 17. Bh3 $1 $18 O-O 18. Bg4 Bxg4 19. Qxg4 Qe8 20. Nc1 (20. Na5 $18 {is more
deadly.}) 20... Kh7 21. Ne2 {And now Ng3 would win.} Qe6 22. Qg2 f5 23. gxf6
Ndxf6 24. Nxf6+ Rxf6 25. a3 b5 26. Nc3 Rcf8 27. Qd2 Nf4 28. Rh2 Qc4 29. b3 Qe6
30. Kb2 Rc8 31. a4 Qd7 32. axb5 axb5 33. Nd5 Nxd5 34. Qxd5 {Strongly
threatening h5.} Qc7 {[#]} (34... Qc6 $16) 35. Bg5 (35. h5 $1 $18 {[%cal Rh5g6]
hxg6+ would kill now.} g5 36. Bxg5) 35... Qc3+ $16 36. Kb1 Rc5 37. Qd2 Rf4 38.
Qxc3 Rxc3 39. Re2 ({Don't play} 39. Rxd6 Rxe4 40. Rd7 Kg8 $14) 39... Rc6 40.
Rd5 Rf1+ 41. Kb2 b4 42. Rb5 Rc5 (42... Rc7 $16 {is a better defense.} 43. Rxb4
d5) 43. Rxb4 $18 d5 (43... Rc7 $142 44. Bd2 Bf8) 44. Rb7 d4 45. Rg2 Ra5 (45...
Rc8 $142 46. h5 gxh5) 46. b4 Raa1 {[%csl Ga1][%cal Rf1b1]} 47. Kb3 Rf3+ {[#]}
48. Kc4 $1 Ra2 49. h5 Kh8 50. hxg6 d3 51. Rb8+ Bf8 {[#]} 52. Bf6+ $1 {[%mdl
576] Double Attack} Kg8 {[#]} 53. g7 $1 {[%mdl 64] Pin.  Weighted Error Value:
White=0.11/Black=0.48} 1-0

[Event "71st RUS-ch Superfinal Women 2021"]
[Site "Ufa"]
[Date "2021.10.19"]
[Round "10.3"]
[White "Girya, Olga"]
[Black "Galliamova, Alisa"]
[Result "0-1"]
[WhiteElo "2410"]
[BlackElo "2421"]
[Annotator "TA"]
[PlyCount "80"]
[EventDate "2021.10.09"]
[EventType "tourn"]
[EventCountry "RUS"]
[SourceTitle "playchess.com"]
[Source "ChessBase"]
[SourceQuality "1"]

{[%evp 14,80,18,23,22,5,10,19,47,71,54,-16,-15,0,14,-9,-23,-39,-20,-61,-41,
-106,-106,-101,-76,-106,-62,-131,-137,-154,-141,-168,-181,-163,-104,-125,-126,
-143,-128,-231,-212,-217,-235,-300,-224,-210,-211,-202,-219,-189,-217,-203,
-212,-194,-176,-564,-551,-514,-525,-597,-570,-748,-741,-732,-713,-980,-1020,
-29990,-29990]} 1. d4 d5 2. c4 c6 3. Nf3 Nf6 4. Qb3 e6 5. g3 Bd6 6. Bg2 O-O {
The main line 6...0-0 scores better than 6...Nbd7.} 7. O-O Nbd7 8. Nc3 h6 {
D43: Semi-Slav: 5 Bg5 h6.} 9. Rd1 Qe7 10. Bf4 {[#]} a5 $146 {The position is
equal.} ({Predecessor:} 10... Bxf4 11. gxf4 Nb6 12. Ne5 Nfd7 13. c5 Nxe5 14.
fxe5 Nc4 15. Qc2 f6 16. b3 Na5 {1/2-1/2 (59) Lobanov,A (2235)-Kuhne,D (2322)
LSS email 2009}) 11. Bxd6 Qxd6 12. Qc2 (12. Nd2 $14) 12... dxc4 $11 13. e4 {
[#] Black must now prevent e5.} Qc7 14. e5 Nd5 15. a4 b6 16. Ne4 Ba6 17. Neg5
hxg5 $17 18. Nxg5 {[%csl Gg5][%cal Rc2h7]} g6 {aiming for ...Kg7.} 19. Nxe6 Qc8
{And now ...Nb4 would win.} ({Much weaker is} 19... fxe6 $6 20. Qxg6+ Kh8 21.
Qh6+ Kg8 22. Qg6+ Kh8 23. Qh6+ Kg8 24. Qg6+ $11) (19... Qb7 {feels hotter.} 20.
Ng5 Nb4 21. Qe4 Rfe8 22. Qf4 Nf8) 20. Nxf8 (20. Bxd5 $15 cxd5 21. Nf4) 20...
Nxf8 ({Much less strong is} 20... Qxf8 21. Bxd5 cxd5 22. f4 $15) 21. Ra3 Qe6
22. Qc1 Kg7 23. h4 Nb4 ({Better is} 23... Rd8 $19 24. Bf3 Qd7) 24. Rf3 Nh7 {
[%cal Bf8h7,Bh7g5,Bg5f3][%mdl 32]} 25. Qe3 Rd8 26. h5 (26. Qc1 $17) 26... Nd5
$19 ({Don't do} 26... gxh5 27. Qf4) 27. h6+ Kg8 28. Qc1 Qe7 29. b3 {[#]} Ng5 $1
{[%cal Rg5f3]} 30. bxc4 Nxf3+ 31. Bxf3 Nb4 32. Qc3 Kh7 33. d5 cxd5 34. e6 $2 (
34. cxd5 Qc5 35. Qd2) 34... fxe6 35. cxd5 exd5 36. Re1 Qf7 {...d4 is the
strong threat.} 37. Bg4 d4 38. Qd2 Bb7 39. Qg5 Re8 40. Re5 Nd3 {[%csl Gd3]
[%cal Rf7f2][%mdl 64] Double Attack.  Weighted Error Value: White=0.68/Black=0.
08} 0-1